[Event "Junior Online 4NCL Division 5"]
[Site "online"]
[Date "2021.03.04"]
[EventDate "2021.03.04"]
[Round "4.107"]
[White "Tolani, Kabir"]
[WhiteElo "1455"]
[WhiteTeam "Chess Challengers D"]
[Black "Dane, James"]
[BlackElo "1232"]
[BlackTeam "Desert Penguins Jupiter"]
[Result "0-1"]
[PlyCount "124"]

1. e4 c5 2. Nf3 d6 3. d4 cxd4 4. Nxd4 Nf6 5. Nc3 a6 6. Bg5 e6 7. Nf3 Be7 8. e5 dxe5 9. Bxf6 Qxd1+ 10. Rxd1 Bxf6 11. Bd3 O-O 12. O-O Nc6 13. h3 Nb4 14. a3 Nxd3 15. Rxd3 b5 16. Re3 Bb7 17. Nxe5 Bxe5 18. Rxe5 Rfd8 19. Rg5 Rd2 20. Rc1 h6 21. Rg3 Rad8 22. Re3 R8d4 23. Ree1 Bc6 24. Red1 Rxd1+ 25. Rxd1 Rxd1+ 26. Nxd1 Be4 27. c3 Kf8 28. b4 Ke7 29. Kh2 Kd6 30. Kg3 Kd5 31. Kf4 Bg6 32. Ne3+ Kd6 33. c4 bxc4 34. Nxc4+ Kc6 35. Ne5+ Kb5 36. Nxg6 fxg6 37. Ke5 Ka4 38. Kxe6 Kxa3 39. Kf7 Kxb4 40. Kxg6 a5 41. f4 a4 42. f5 a3 43. Kxg7 a2 44. f6 a1=Q 45. Kg6 Qb1+ 46. Kxh6 Qf5 47. Kg7 Qg5+ 48. Kf7 Kc5 49. Ke6 Kc6 50. f7 Qg6+ 51. Ke7 Qe4+ 52. Kf6 Qd4+ 53. Ke7 Qd7+ 54. Kf6 Qd6+ 55. Kg7 Qg3+ 56. Kf6 Qh4+ 57. Kg7 Qg5+ 58. Kh8 Qf6+ 59. Kg8 Qg6+ 60. Kf8 Kd7 61. h4 Ke6 62. h5 Qxf7# 0-1

[Event "Junior Online 4NCL Division 5"]
[Site "online"]
[Date "2021.03.04"]
[EventDate "2021.03.04"]
[Round "4.108"]
[White "Cleanis, Theo"]
[WhiteElo "1225"]
[WhiteTeam "Desert Penguins Jupiter"]
[Black "Devalia, Aadishesh"]
[BlackElo "1452"]
[BlackTeam "Chess Challengers D"]
[Result "1/2-1/2"]
[PlyCount "98"]

1. d4 d5 2. c4 c6 3. cxd5 cxd5 4. Nc3 Nc6 5. Nf3 Nf6 6. Bf4 Bf5 7. e3 e6 8. Be2 Bd6 9. Bxd6 Qxd6 10. O-O O-O 11. Bd3 Bxd3 12. Qxd3 Rfe8 13. Rad1 Rad8 14. Rfe1 e5 15. dxe5 Nxe5 16. Nxe5 Rxe5 17. f4 Rh5 18. h3 Qb6 19. b3 Rh4 20. Kf1 Rh5 21. e4 h6 22. exd5 Nxd5 23. Nxd5 Rhxd5 24. Re8+ Rxe8 25. Qxd5 Qa6+ 26. Qd3 Qxd3+ 27. Rxd3 Kh7 28. Rd7 Re4 29. g3 f6 30. Rxb7 Rd4 31. Rxa7 Rd3 32. b4 Rxg3 33. b5 Rf3+ 34. Kg2 Rxf4 35. b6 Rb4 36. b7 Rb2+ 37. Kf3 Rb5 38. Ke4 Kg6 39. Kd4 Kf5 40. Kc4 Rb1 41. Kc5 Ke5 42. Kc6 Ke6 43. Kc7 Rc1+ 44. Kd8 Rb1 45. Kc8 Rc1+ 46. Kd8 Rb1 47. Kc7 Rc1+ 48. Kd8 Rd1+ 49. Kc7 Rc1+ 1/2-1/2

[Event "Junior Online 4NCL Division 5"]
[Site "online"]
[Date "2021.03.04"]
[EventDate "2021.03.04"]
[Round "4.111"]
[White "Siriwardana, Dinil"]
[WhiteElo "1321"]
[WhiteTeam "KEGS B"]
[Black "Ray, Ayush"]
[BlackElo "1771"]
[BlackTeam "Chess Challengers A"]
[Result "0-1"]
[PlyCount "48"]

1. e4 e5 2. Bc4 Nf6 3. Nc3 Bc5 4. Nf3 Nc6 5. O-O d6 6. h3 Be6 7. d3 Qd7 8. a3 h6 9. b4 Bb6 10. b5 Nd4 11. Nxd4 Bxd4 12. Nd5 Bxa1 13. Nxf6+ gxf6 14. Be3 Bd4 15. Bd2 Rg8 16. Qh5 Bxh3 17. c3 Bxg2 18. Kh2 Bxf1 19. cxd4 Rg6 20. dxe5 Qe7 21. Bxh6 Qxe5+ 22. Qxe5+ dxe5 23. Be3 Ke7 24. f4 Rh8# 0-1

[Event "Junior Online 4NCL Division 5"]
[Site "online"]
[Date "2021.03.04"]
[EventDate "2021.03.04"]
[Round "4.112"]
[White "Sidana, Rishabh"]
[WhiteElo "1660"]
[WhiteTeam "Chess Challengers A"]
[Black "Poon, Evan"]
[BlackElo "1269"]
[BlackTeam "KEGS B"]
[Result "1-0"]
[PlyCount "69"]

1. e4 e5 2. Nf3 Nc6 3. Nc3 Nf6 4. Bc4 Bc5 5. d3 d6 6. Bg5 Be6 7. Nd5 Bxd5 8. Bxd5 h6 9. Bxc6+ bxc6 10. Be3 Bb6 11. O-O O-O 12. a4 a5 13. c4 Re8 14. b3 d5 15. c5 Ba7 16. Nd2 d4 17. Nc4 Bxc5 18. Bd2 Nd7 19. f4 f6 20. f5 Nb6 21. Rb1 Nxc4 22. bxc4 Qd7 23. Qg4 Kh7 24. Qg6+ Kg8 25. Bxh6 Qf7 26. Qxf7+ Kxf7 27. Bd2 Reb8 28. g4 Bb6 29. Kg2 Rh8 30. h3 Rh7 31. Rh1 Rah8 32. Kg3 Ke7 33. Rbf1 Kd6 34. Bc1 Kc5 35. Ba3# 1-0

[Event "Junior Online 4NCL Division 5"]
[Site "online"]
[Date "2021.03.04"]
[EventDate "2021.03.04"]
[Round "4.113"]
[White "Fernandes, Cleon"]
[WhiteElo "1000"]
[WhiteTeam "KEGS B"]
[Black "Gupta, Shourya"]
[BlackElo "1640"]
[BlackTeam "Chess Challengers A"]
[Result "1/2-1/2"]
[PlyCount "130"]

1. e4 e5 2. Nf3 Nf6 3. Nxe5 Nc6 4. Nxc6 dxc6 5. Nc3 Bc5 6. e5 Ng4 7. Qe2 Nxf2 8. Rg1 Nd3+ 9. cxd3 Bxg1 10. b3 Qh4+ 11. g3 Qg4 12. Ba3 Qxe2+ 13. Nxe2 Bxh2 14. Bc5 b6 15. Bf2 O-O 16. Rc1 c5 17. d4 cxd4 18. Nxd4 Bb7 19. Rxc7 Rab8 20. Nf5 g6 21. Nh6+ Kg7 22. Ng4 Bxg3 23. Bxg3 Rfc8 24. e6 Rxc7 25. Bxc7 Rc8 26. Be5+ Kg8 27. Nf6+ Kf8 28. Nxh7+ Ke7 29. Bf6+ Kxe6 30. Bh3+ Kd6 31. Bxc8 Bxc8 32. d4 Bf5 33. Ke2 Bb1 34. a4 Ba2 35. b4 Bb3 36. a5 bxa5 37. bxa5 Kc6 38. Ke3 Kb5 39. Ke4 Kxa5 40. d5 Kb6 41. d6 Be6 42. Nf8 Kc6 43. Be7 a5 44. Kd4 a4 45. Kc3 a3 46. Kc2 a2 47. Kb2 g5 48. Nxe6 fxe6 49. Kxa2 g4 50. Bh4 Kxd6 51. Kb2 Kd5 52. Kc2 e5 53. Kd2 e4 54. Ke2 Ke5 55. Bf2 Kf4 56. Be3+ Kg3 57. Bf2+ Kf4 58. Be3+ Kf5 59. Bf2 Kg5 60. Kf1 Kf4 61. Ke2 Kf5 62. Ke3 Ke5 63. Bg3+ Kf5 64. Bf2 Ke5 65. Ke2 Kf4 1/2-1/2

[Event "Junior Online 4NCL Division 5"]
[Site "online"]
[Date "2021.03.04"]
[EventDate "2021.03.04"]
[Round "4.114"]
[White "Rajaram, Dilip"]
[WhiteElo "1635"]
[WhiteTeam "Chess Challengers A"]
[Black "Fernandes, Dion"]
[BlackElo "1000"]
[BlackTeam "KEGS B"]
[Result "1/2-1/2"]
[PlyCount "93"]

1. e4 e5 2. Qh5 Nc6 3. Bc4 Qf6 4. Nf3 g6 5. Qh4 Qxh4 6. Nxh4 Nf6 7. Nc3 a6 8. a4 Nb4 9. Bb3 d6 10. O-O Be6 11. Bxe6 fxe6 12. f4 exf4 13. Rxf4 Bg7 14. d3 g5 15. Rxf6 Bxf6 16. Nf3 Nxc2 17. Ra2 g4 18. Nd2 Bxc3 19. bxc3 Ne3 20. Nb1 Nd1 21. Rd2 Ne3 22. Re2 Nd1 23. Re1 Nxc3 24. Nxc3 O-O-O 25. Bg5 Rdg8 26. Bf6 Rf8 27. Bxh8 Rxh8 28. e5 d5 29. d4 b6 30. Ne2 c5 31. dxc5 bxc5 32. Rc1 c4 33. Nf4 Kd7 34. Rb1 Kc6 35. Nxe6 Re8 36. Nd4+ Kc5 37. Nc2 Rxe5 38. Re1 Rxe1+ 39. Nxe1 Kd4 40. Kf2 Kc3 41. Ke2 Kb2 42. Kd1 c3 43. Nd3+ Kb3 44. Nc5+ Kb2 45. Nd3+ Kb3 46. Nc5+ Kb2 47. Nd3+ 1/2-1/2

[Event "Junior Online 4NCL Division 5"]
[Site "online"]
[Date "2021.03.04"]
[EventDate "2021.03.04"]
[Round "4.115"]
[White "Ray, Ayush"]
[WhiteElo "1771"]
[WhiteTeam "Chess Challengers A"]
[Black "Siriwardana, Dinil"]
[BlackElo "1321"]
[BlackTeam "KEGS B"]
[Result "0-1"]
[PlyCount "116"]

1. e4 e5 2. Nf3 Nc6 3. Bc4 Bc5 4. d3 h6 5. Nc3 d6 6. Be3 Nf6 7. d4 exd4 8. Nxd4 O-O 9. Nxc6 bxc6 10. Bxc5 dxc5 11. Qf3 Bg4 12. Qg3 Qd4 13. Bb3 c4 14. Rd1 Bxd1 15. Nxd1 Qxe4+ 16. Qe3 Qxe3+ 17. Nxe3 cxb3 18. cxb3 Rfe8 19. O-O Nd5 20. Nc4 Nb6 21. Na5 Re6 22. Rc1 Rae8 23. g3 Re1+ 24. Rxe1 Rxe1+ 25. Kg2 Re2 26. Kf3 Rxb2 27. Nxc6 Rxa2 28. Ne7+ Kf8 29. Nc6 Ra3 30. Nd4 c5 31. Nc6 Rxb3+ 32. Kg2 c4 33. Nxa7 c3 34. Nc6 c2 35. Nd4 Rc3 36. Nxc2 Rxc2 37. h4 Nd5 38. Kf3 Rc3+ 39. Kg4 Rc2 40. f4 Ne3+ 41. Kf3 Nf5 42. Kg4 Rg2 43. Kxf5 Rxg3 44. h5 g6+ 45. hxg6 fxg6+ 46. Ke4 g5 47. f5 Rg1 48. Ke5 Rf1 49. f6 g4 50. Ke6 g3 51. Ke5 Rxf6 52. Kxf6 g2 53. Kg6 g1=Q+ 54. Kxh6 Kf7 55. Kh5 Kf6 56. Kh4 Kf5 57. Kh3 Kf4 58. Kh4 Qh2# 0-1

[Event "Junior Online 4NCL Division 5"]
[Site "online"]
[Date "2021.03.04"]
[EventDate "2021.03.04"]
[Round "4.116"]
[White "Poon, Evan"]
[WhiteElo "1269"]
[WhiteTeam "KEGS B"]
[Black "Sidana, Rishabh"]
[BlackElo "1660"]
[BlackTeam "Chess Challengers A"]
[Result "0-1"]
[PlyCount "88"]

1. e4 e5 2. Nf3 Nc6 3. Bc4 Bc5 4. b4 Bb6 5. a4 a5 6. b5 Nce7 7. Nxe5 Nh6 8. d3 O-O 9. Bxh6 gxh6 10. Qg4+ Ng6 11. h4 d5 12. Bxd5 Bxg4 13. Nxg4 Kg7 14. Nd2 f5 15. Ne3 fxe4 16. Bxe4 Qf6 17. O-O Nxh4 18. g3 Ng6 19. Nf5+ Kh8 20. Nc4 Ne7 21. Nh4 Bxf2+ 22. Kg2 Rg8 23. Rxf2 Qxh4 24. Kf1 Qxg3 25. Rg2 Qf4+ 26. Rf2 Qg5 27. Ke2 Nd5 28. Ra3 Nf4+ 29. Ke1 Rae8 30. Ne3 Qg1+ 31. Rf1 Qg3+ 32. Kd2 Rxe4 33. dxe4 Rd8+ 34. Kc1 Ne2+ 35. Kb2 Qe5+ 36. Ka2 Nc3+ 37. Kb3 Nxe4 38. Rf5 Nd2+ 39. Ka2 Qe6+ 40. Kb2 Nc4+ 41. Nxc4 Qxf5 42. Ne3 Qe5+ 43. Kc1 Re8 44. Ng4 Qf4+ 0-1

[Event "Junior Online 4NCL Division 5"]
[Site "online"]
[Date "2021.03.04"]
[EventDate "2021.03.04"]
[Round "4.117"]
[White "Gupta, Shourya"]
[WhiteElo "1640"]
[WhiteTeam "Chess Challengers A"]
[Black "Fernandes, Cleon"]
[BlackElo "1000"]
[BlackTeam "KEGS B"]
[Result "1-0"]
[PlyCount "37"]

1. d4 d5 2. Bf4 Nc6 3. e3 Nf6 4. Bd3 e6 5. Nd2 Be7 6. c3 O-O 7. Ngf3 h6 8. O-O Ng4 9. h3 Nf6 10. a4 Na5 11. b4 Nc4 12. Nxc4 dxc4 13. Bxc4 Ne4 14. Qd3 Nd6 15. Bb3 Nf5 16. Bc2 e5 17. Nxe5 Bd6 18. g4 Nh4 19. Qh7# 1-0

[Event "Junior Online 4NCL Division 5"]
[Site "online"]
[Date "2021.03.04"]
[EventDate "2021.03.04"]
[Round "4.121"]
[White "Muthukaruppan, Manickam"]
[WhiteElo "1270"]
[WhiteTeam "Maidenhead Juniors 3"]
[Black "Ali, Zaki"]
[BlackElo "1189"]
[BlackTeam "Wanstead Warriors 3"]
[Result "0-1"]
[PlyCount "132"]

1. e4 e6 2. Nf3 d5 3. e5 c5 4. Nc3 Nc6 5. Bb5 Bd7 6. d3 Nge7 7. O-O g6 8. Bd2 a6 9. Ba4 b5 10. Bb3 c4 11. dxc4 dxc4 12. Be3 cxb3 13. cxb3 Bg7 14. a4 b4 15. Ne2 Nxe5 16. Nxe5 Bxe5 17. a5 O-O 18. Bb6 Qc8 19. Rc1 Qe8 20. Be3 Nf5 21. Bc5 Ne7 22. Rc2 Bb5 23. Rd2 Rd8 24. Rxd8 Qxd8 25. Qxd8 Rxd8 26. Bxe7 Rd7 27. Bxb4 Bxb2 28. h4 Bxe2 29. Rb1 Be5 30. Re1 Rd1 31. Rxd1 Bxd1 32. Kf1 Bxb3 33. Bc5 Bc3 34. Ke2 Bxa5 35. Kd3 Bd5 36. g3 Bc7 37. Kc3 f5 38. f4 a5 39. Bf2 Kf7 40. Be1 Ke8 41. Kd4 Kd7 42. Kc5 a4 43. Kb4 Bc6 44. Bd2 Kd6 45. Bc3 Kd5 46. Bd2 Bd6+ 47. Kc3 a3 48. Bc1 Ke4 49. Kb3 Bd5+ 50. Ka4 a2 51. Bb2 Kf3 52. Kb5 Kxg3 53. Ka4 Kxf4 54. Ka5 Kg4 55. Kb6 f4 56. Kb5 f3 57. Ka4 f2 58. Bd4 f1=Q 59. Bb2 Bc6+ 60. Kb3 Bd5+ 61. Kc2 Qf5+ 62. Kc1 Bf4+ 63. Kd1 Bf3+ 64. Ke1 Qb1+ 65. Kf2 Qc2+ 66. Kg1 Qg2# 0-1

[Event "Junior Online 4NCL Division 5"]
[Site "online"]
[Date "2021.03.04"]
[EventDate "2021.03.04"]
[Round "4.122"]
[White "Sethi, Ishaan"]
[WhiteElo "1190"]
[WhiteTeam "Wanstead Warriors 3"]
[Black "Markov, Aleksa"]
[BlackElo "1253"]
[BlackTeam "Maidenhead Juniors 3"]
[Result "0-1"]
[PlyCount "52"]

1. e4 e5 2. Bc4 Nf6 3. Nc3 Nc6 4. d3 Bc5 5. Nf3 O-O 6. d4 exd4 7. Nb5 Re8 8. Bd3 a6 9. e5 axb5 10. Ng5 Rxe5+ 11. Ne4 Nxe4 12. Qf3 Ng5+ 13. Qe2 Rxe2+ 14. Bxe2 d6 15. O-O Qf6 16. h4 Ne6 17. Bg5 Nxg5 18. hxg5 Qxg5 19. Bd3 g6 20. Bxb5 Bh3 21. g3 Qd5 22. f3 Bxf1 23. Kxf1 Qxf3+ 24. Ke1 Bb4+ 25. c3 dxc3 26. bxc3 Bxc3# 0-1

[Event "Junior Online 4NCL Division 5"]
[Site "online"]
[Date "2021.03.04"]
[EventDate "2021.03.04"]
[Round "4.123"]
[White "Rajeev-Lazar, Csilla"]
[WhiteElo "1213"]
[WhiteTeam "Maidenhead Juniors 3"]
[Black "Shivhare, Shaurya"]
[BlackElo "1075"]
[BlackTeam "Wanstead Warriors 3"]
[Result "0-1"]
[PlyCount "132"]

1. d4 d5 2. c4 dxc4 3. g3 g6 4. Bg2 Bg7 5. Nf3 Nc6 6. e3 Bf5 7. Nc3 Nb4 8. e4 Bg4 9. a3 Nc6 10. d5 Ne5 11. O-O Nxf3+ 12. Bxf3 Bh3 13. Bg2 Bxg2 14. Kxg2 Nf6 15. Qa4+ c6 16. Qxc4 b5 17. Qxc6+ Kf8 18. Qxb5 Rb8 19. Qe2 Nd7 20. b4 Ne5 21. Bb2 Rc8 22. Rac1 Nc4 23. Nb5 Nxb2 24. Rxc8 Qxc8 25. e5 Na4 26. d6 exd6 27. exd6 Qc6+ 28. Kg1 Nb6 29. Qe7+ Kg8 30. Nxa7 Qa4 31. Rd1 Qxd1+ 32. Kg2 Qd5+ 33. Kg1 Qd1+ 34. Kg2 Bf8 35. Qe8 Qd5+ 36. f3 Qd2+ 37. Kh3 Qxd6 38. Nb5 Qd5 39. a4 Nxa4 40. Qb8 Qf5+ 41. Kg2 Kg7 42. Qc7 Qxb5 43. Qf4 Qe2+ 44. Kh3 Qd1 45. Qe5+ Kg8 46. b5 Bd6 47. Qe8+ Kg7 48. Qc6 Re8 49. Qxe8 Qxf3 50. b6 Nxb6 51. Qb8 Nc4 52. Qa7 Qf5+ 53. Kg2 Qe5 54. Qf2 Ne3+ 55. Kg1 Bc5 56. Qf3 Nf5+ 57. Kg2 Qb2+ 58. Kh3 Nd4 59. Qf4 Ne2 60. Qc7 Bg1 61. Qc6 Qb3 62. Qg2 Nf4+ 63. Kg4 Nxg2 64. h4 Ne3+ 65. Kh3 Nf5 66. h5 Qxg3# 0-1

[Event "Junior Online 4NCL Division 5"]
[Site "online"]
[Date "2021.03.04"]
[EventDate "2021.03.04"]
[Round "4.124"]
[White "Byczko, Samuel"]
[WhiteElo "1075"]
[WhiteTeam "Wanstead Warriors 3"]
[Black "Kumar, Satyam"]
[BlackElo "1204"]
[BlackTeam "Maidenhead Juniors 3"]
[Result "0-1"]
[PlyCount "66"]

1. e4 e5 2. Nf3 Nc6 3. Nc3 Nf6 4. Bc4 Bc5 5. Ng5 O-O 6. O-O h6 7. Nf3 d6 8. d3 Bg4 9. h3 Bh5 10. g4 Bg6 11. Qd2 Nh7 12. g5 Nxg5 13. Nxg5 Qxg5+ 14. Qxg5 hxg5 15. Bxg5 Na5 16. Rab1 Nxc4 17. dxc4 f6 18. Be3 Bb4 19. Nb5 Bxe4 20. Rbc1 c6 21. Nc7 Rac8 22. Ne6 Rfe8 23. Ng5 fxg5 24. Bxg5 d5 25. c3 Be7 26. f3 Bxg5 27. Rc2 Bxc2 28. Rc1 Bxc1 29. Kh2 Bf4+ 30. Kg2 Re6 31. cxd5 Rg6+ 32. Kh1 e4 33. fxe4 Bxe4# 0-1

[Event "Junior Online 4NCL Division 5"]
[Site "online"]
[Date "2021.03.04"]
[EventDate "2021.03.04"]
[Round "4.125"]
[White "Ali, Zaki"]
[WhiteElo "1189"]
[WhiteTeam "Wanstead Warriors 3"]
[Black "Muthukaruppan, Manickam"]
[BlackElo "1270"]
[BlackTeam "Maidenhead Juniors 3"]
[Result "1-0"]
[PlyCount "53"]

1. e4 c5 2. Nf3 d6 3. d4 cxd4 4. Nxd4 Nf6 5. Nc3 a6 6. Bg5 e6 7. g3 Be7 8. Bg2 O-O 9. Bxf6 Bxf6 10. Nf3 Qc7 11. Qd3 Re8 12. O-O b5 13. Ne2 Bxb2 14. Rab1 Bf6 15. e5 dxe5 16. Nxe5 Bxe5 17. Bxa8 Bb7 18. Bxb7 Qxb7 19. c4 Qc6 20. cxb5 axb5 21. Rxb5 Bf6 22. Rc1 Qa6 23. Rxb8 Rxb8 24. Qxa6 Bg5 25. Rc8+ Rxc8 26. Qxc8+ Bd8 27. Qxd8# 1-0

[Event "Junior Online 4NCL Division 5"]
[Site "online"]
[Date "2021.03.04"]
[EventDate "2021.03.04"]
[Round "4.127"]
[White "Shivhare, Shaurya"]
[WhiteElo "1075"]
[WhiteTeam "Wanstead Warriors 3"]
[Black "Rajeev-Lazar, Csilla"]
[BlackElo "1213"]
[BlackTeam "Maidenhead Juniors 3"]
[Result "0-1"]
[PlyCount "62"]

1. e4 Nf6 2. Nf3 Nxe4 3. Bc4 Nc6 4. d3 Nf6 5. Ng5 d5 6. Bb3 e5 7. O-O Bc5 8. Nc3 O-O 9. g3 h6 10. Nf3 Bh3 11. Re1 Re8 12. Na4 Bd6 13. c4 e4 14. dxe4 dxe4 15. Nh4 Bb4 16. Re3 Qxd1+ 17. Bxd1 Rad8 18. Bb3 g5 19. Nf5 Bxf5 20. Nc5 Bxc5 21. Rc3 e3 22. fxe3 Rd3 23. Rxd3 Bxd3 24. Kg2 Bxe3 25. Bxe3 Rxe3 26. Kh3 g4+ 27. Kg2 Re2+ 28. Kf1 Rxb2+ 29. Ke1 Ne4 30. Bd1 Rxh2 31. Bxg4 Rh1# 0-1

[Event "Junior Online 4NCL Division 5"]
[Site "online"]
[Date "2021.03.04"]
[EventDate "2021.03.04"]
[Round "4.128"]
[White "Kumar, Satyam"]
[WhiteElo "1204"]
[WhiteTeam "Maidenhead Juniors 3"]
[Black "Byczko, Samuel"]
[BlackElo "1075"]
[BlackTeam "Wanstead Warriors 3"]
[Result "1-0"]
[PlyCount "87"]

1. e4 e5 2. Nf3 Nf6 3. Nc3 Nc6 4. Bc4 h6 5. d4 exd4 6. Nxd4 Bc5 7. Nxc6 bxc6 8. e5 Ng4 9. Qxg4 d6 10. Qxg7 Kd7 11. Qxf7+ Qe7 12. Be6+ Kd8 13. Qxe7+ Kxe7 14. Bxc8 Raxc8 15. exd6+ cxd6 16. Ne4 Bb6 17. Bf4 Rcd8 18. O-O-O Rhg8 19. g3 d5 20. Nc3 Bxf2 21. Rhf1 Bc5 22. Rfe1+ Kd7 23. Bxh6 Bf2 24. Re2 Bb6 25. Rde1 d4 26. Re7+ Kc8 27. Ne4 Rgf8 28. Bxf8 Rxf8 29. Nd6+ Kd8 30. Re8+ Kc7 31. Rxf8 Kxd6 32. h4 Ba5 33. Rh1 c5 34. h5 c4 35. h6 c3 36. b3 Bb4 37. h7 Ba3+ 38. Kb1 d3 39. cxd3 Kd5 40. h8=Q Kc5 41. Qxc3+ Kb5 42. Rb8+ Ka6 43. Rh6+ Bd6 44. Rxd6# 1-0

[Event "Junior Online 4NCL Division 5"]
[Site "online"]
[Date "2021.03.04"]
[EventDate "2021.03.04"]
[Round "4.131"]
[White "Hara, Narita"]
[WhiteElo "1182"]
[WhiteTeam "Leeds Juniors 3"]
[Black "Shkuratovskyi, Makariy"]
[BlackElo "1267"]
[BlackTeam "KJCA Young Kestrels G"]
[Result "0-1"]
[PlyCount "128"]

1. d4 d5 2. Nf3 Nc6 3. Nc3 Nf6 4. Bf4 Bg4 5. h3 Bxf3 6. gxf3 e6 7. e4 Bd6 8. e5 Nh5 9. exd6 Nxf4 10. dxc7 Qxc7 11. Nb5 Qa5+ 12. Nc3 O-O 13. Qd2 Qb4 14. Rb1 Qxd4 15. Qxd4 Nxd4 16. Be2 Ndxe2 17. Nxe2 Nxe2 18. Kxe2 Rac8 19. c3 Rc6 20. Kd3 Rfc8 21. Rhg1 a5 22. h4 b5 23. Rbc1 b4 24. h5 h6 25. Kd2 bxc3+ 26. Rxc3 Rxc3 27. bxc3 Rc4 28. Rh1 Ra4 29. a3 Rxa3 30. Rb1 a4 31. Rb8+ Kh7 32. Rb7 f6 33. Rb6 e5 34. Rb5 d4 35. cxd4 exd4 36. Rf5 Ra2+ 37. Ke1 d3 38. Kd1 Rxf2 39. Ra5 Rxf3 40. Rxa4 Rh3 41. Ra3 Rxh5 42. Rxd3 Rg5 43. Kc1 h5 44. Kc2 h4 45. Rh3 Rh5 46. Kd3 g5 47. Rh1 h3 48. Ke3 f5 49. Kf3 g4+ 50. Kg3 Kg6 51. Rf1 h2 52. Rh1 Kg5 53. Kg2 g3 54. Kxg3 f4+ 55. Kf3 Rh3+ 56. Kg2 Kg4 57. Kf2 f3 58. Kf1 Kf4 59. Kf2 Rh4 60. Kf1 Ke3 61. Ke1 f2+ 62. Kf1 Rh3 63. Kg2 Rh4 64. Kf1 Rg4 0-1

[Event "Junior Online 4NCL Division 5"]
[Site "online"]
[Date "2021.03.04"]
[EventDate "2021.03.04"]
[Round "4.132"]
[White "Allen, George"]
[WhiteElo "1249"]
[WhiteTeam "KJCA Young Kestrels G"]
[Black "RoyChowdhury, Aashita"]
[BlackElo "950"]
[BlackTeam "Leeds Juniors 3"]
[Result "1-0"]
[PlyCount "75"]

1. b4 e5 2. Bb2 Nc6 3. b5 Nd4 4. e3 Nxb5 5. Bxb5 c6 6. Ba4 d5 7. Bxe5 Qe7 8. Bb2 Nf6 9. Nf3 Qb4 10. Bb3 Be6 11. a3 Qd6 12. h3 Be7 13. O-O O-O 14. Be5 Qd7 15. d3 Bd6 16. d4 Bxe5 17. Nxe5 Qe7 18. Nc3 b5 19. Nxc6 Qc7 20. Nxa7 Qxc3 21. Nxb5 Qc6 22. a4 Rfb8 23. Qd3 Ne4 24. c3 Nxc3 25. Bc2 Nxb5 26. Qxh7+ Kf8 27. axb5 Qxc2 28. Rxa8 Qxh7 29. Rxb8+ Ke7 30. b6 Kd7 31. Rc1 Qd3 32. b7 Kd6 33. Rd8+ Ke7 34. b8=Q f5 35. Qc7+ Kf6 36. Rf8+ Kg6 37. Qg3+ Kh6 38. Rh8# 1-0

[Event "Junior Online 4NCL Division 5"]
[Site "online"]
[Date "2021.03.04"]
[EventDate "2021.03.04"]
[Round "4.133"]
[White "Kumar, Rehan"]
[WhiteElo "950"]
[WhiteTeam "Leeds Juniors 3"]
[Black "Heard, Ben"]
[BlackElo "1253"]
[BlackTeam "KJCA Young Kestrels G"]
[Result "1-0"]
[PlyCount "41"]

1. d4 d5 2. c4 e6 3. e3 Nf6 4. Nf3 Nc6 5. Nc3 Bd6 6. c5 Be7 7. Bb5 Bd7 8. Bxc6 Bxc6 9. Bd2 O-O 10. O-O a6 11. Ne5 Bb5 12. Nxb5 axb5 13. Bc3 Ne4 14. f3 Ng5 15. h4 Nxf3+ 16. Qxf3 Qe8 17. Rf2 Bxh4 18. g3 Bf6 19. Raf1 Bxe5 20. dxe5 Ra3 21. bxa3 1-0

[Event "Junior Online 4NCL Division 5"]
[Site "online"]
[Date "2021.03.04"]
[EventDate "2021.03.04"]
[Round "4.134"]
[White "Oprea, Lucas"]
[WhiteElo "1214"]
[WhiteTeam "KJCA Young Kestrels G"]
[Black "Braunstein, Yael"]
[BlackElo "800"]
[BlackTeam "Leeds Juniors 3"]
[Result "0-1"]
[PlyCount "82"]

1. e4 c6 2. Nc3 d5 3. exd5 cxd5 4. Bb5+ Nc6 5. Bxc6+ bxc6 6. Nf3 Nf6 7. d3 Bf5 8. Bg5 e6 9. Bxf6 Qxf6 10. O-O Bd6 11. Ne2 O-O 12. Ng3 Bg6 13. Qd2 Rab8 14. Qc3 Rxb2 15. Qxf6 gxf6 16. Rab1 Rxc2 17. Ra1 Bxd3 18. Ne1 Rc3 19. Nxd3 Rxd3 20. Rfd1 Rxd1+ 21. Rxd1 Bxg3 22. fxg3 Kg7 23. Rb1 Rd8 24. Rb7 d4 25. Rxa7 d3 26. Kf1 d2 27. Ra8 Rxa8 28. Ke2 Rxa2 29. Kd1 c5 30. Ke2 c4 31. Kd1 c3 32. Ke2 Ra4 33. Kd1 Rd4 34. Ke2 c2 35. Ke3 Rd5 36. g4 d1=Q 37. Kf2 Qxg4 38. h3 Qf5+ 39. Kg1 Rd1+ 40. Kh2 Qf4+ 41. g3 Qd2# 0-1

[Event "Junior Online 4NCL Division 5"]
[Site "online"]
[Date "2021.03.04"]
[EventDate "2021.03.04"]
[Round "4.135"]
[White "Shkuratovskyi, Makariy"]
[WhiteElo "1267"]
[WhiteTeam "KJCA Young Kestrels G"]
[Black "Hara, Narita"]
[BlackElo "1182"]
[BlackTeam "Leeds Juniors 3"]
[Result "0-1"]
[PlyCount "68"]

1. e4 g6 2. d4 Bg7 3. Nf3 d6 4. Nc3 Nf6 5. Bd3 O-O 6. O-O Nc6 7. Be3 Bg4 8. h3 Bxf3 9. Qxf3 e5 10. d5 Ne7 11. Bg5 Nh5 12. g4 Nf4 13. Bxf4 exf4 14. Qxf4 Be5 15. Qe3 Qd7 16. f4 Bg7 17. Rab1 c6 18. Ne2 cxd5 19. exd5 Nxd5 20. Qe4 Nf6 21. Qe3 Rfe8 22. Qf2 Qc6 23. Qf3 Qc7 24. Ng3 Nd7 25. Bb5 Qb6+ 26. Rf2 Qxb5 27. f5 Bd4 28. Rf1 Bxf2+ 29. Rxf2 Re1+ 30. Kg2 Ne5 31. Qf4 Qc6+ 32. Kh2 Re8 33. fxg6 hxg6 34. Qd2 Nf3+ 0-1

[Event "Junior Online 4NCL Division 5"]
[Site "online"]
[Date "2021.03.04"]
[EventDate "2021.03.04"]
[Round "4.136"]
[White "RoyChowdhury, Aashita"]
[WhiteElo "950"]
[WhiteTeam "Leeds Juniors 3"]
[Black "Allen, George"]
[BlackElo "1249"]
[BlackTeam "KJCA Young Kestrels G"]
[Result "1-0"]
[PlyCount "77"]

1. d4 Nf6 2. Nf3 e6 3. e3 d5 4. Bb5+ Bd7 5. Bd3 h6 6. O-O Bd6 7. Nbd2 O-O 8. e4 dxe4 9. Nxe4 Nxe4 10. Bxe4 Bc6 11. Bxc6 Nxc6 12. Be3 Qf6 13. Qe2 a6 14. Rfb1 b5 15. a4 Qf5 16. axb5 axb5 17. Rxa8 Rxa8 18. Rc1 e5 19. Qxb5 Ne7 20. dxe5 Bxe5 21. Nxe5 f6 22. Qb7 Rc8 23. Qb3+ Kh7 24. Nf3 Nd5 25. c4 Nxe3 26. Qxe3 Kg6 27. Nh4+ Kf7 28. Nxf5 Re8 29. Qxe8+ Kxe8 30. Rd1 g6 31. Nxh6 Ke7 32. b4 Ke6 33. b5 Ke7 34. c5 Ke6 35. b6 cxb6 36. cxb6 Ke5 37. b7 Ke6 38. b8=Q g5 39. Qe8# 1-0

[Event "Junior Online 4NCL Division 5"]
[Site "online"]
[Date "2021.03.04"]
[EventDate "2021.03.04"]
[Round "4.137"]
[White "Heard, Ben"]
[WhiteElo "1253"]
[WhiteTeam "KJCA Young Kestrels G"]
[Black "Kumar, Rehan"]
[BlackElo "950"]
[BlackTeam "Leeds Juniors 3"]
[Result "0-1"]
[PlyCount "140"]

1. e4 c5 2. Nf3 d6 3. Nc3 Nf6 4. Bc4 Nbd7 5. O-O g6 6. d3 h6 7. d4 cxd4 8. Nxd4 e5 9. Nde2 Bg7 10. Be3 O-O 11. Qxd6 Nb6 12. Qb4 Nxc4 13. Qxc4 Be6 14. Qa4 Bd7 15. Qa3 a6 16. Rfd1 Re8 17. Nc1 Bf8 18. Bc5 Bxc5 19. Qxc5 Rc8 20. Qe3 Ng4 21. Qd2 Be6 22. Qxd8 Rcxd8 23. Rxd8 Rxd8 24. Nd3 Bc4 25. Nc5 b6 26. N5a4 b5 27. Nb6 Rb8 28. Nxc4 bxc4 29. b3 cxb3 30. axb3 Rc8 31. Nd5 Rxc2 32. h3 Nxf2 33. Rxa6 Nxe4 34. Nf6+ Nxf6 35. Rxf6 Rc1+ 36. Kf2 Rc2+ 37. Ke3 Rxg2 38. Rf3 Rh2 39. Ke4 f5+ 40. Kxe5 Re2+ 41. Kf6 Kh7 42. b4 Rb2 43. Rf4 g5 44. Rxf5 Rxb4 45. Rf3 Rh4 46. Rg3 Rf4+ 47. Ke5 Rh4 48. Kf5 Rf4+ 49. Ke6 Rh4 50. Kf5 Rf4+ 51. Ke5 Rh4 52. Rf3 Kg6 53. Ke6 Re4+ 54. Kd5 Rh4 55. Ke5 Kh5 56. Kf5 Ra4 57. Kf6 Rf4+ 58. Rxf4 gxf4 59. Kf5 f3 60. Kf4 f2 61. Kf3 f1=Q+ 62. Kg3 Qd3+ 63. Kh2 Kg5 64. Kg2 Kf4 65. Kf2 Qxh3 66. Ke2 Qg3 67. Kd2 Ke4 68. Ke2 Qg2+ 69. Ke1 Kd3 70. Kd1 Qg1# 0-1

[Event "Junior Online 4NCL Division 5"]
[Site "online"]
[Date "2021.03.04"]
[EventDate "2021.03.04"]
[Round "4.138"]
[White "Braunstein, Yael"]
[WhiteElo "800"]
[WhiteTeam "Leeds Juniors 3"]
[Black "Oprea, Lucas"]
[BlackElo "1214"]
[BlackTeam "KJCA Young Kestrels G"]
[Result "1-0"]
[PlyCount "53"]

1. e4 e5 2. Bc4 Nf6 3. d4 Bd6 4. Nf3 Nc6 5. Nc3 Nxd4 6. Nxd4 exd4 7. Qxd4 O-O 8. e5 c5 9. Qxd6 Ne8 10. Qxc5 Qc7 11. Qxc7 Nxc7 12. O-O Re8 13. Re1 d6 14. Bf4 Be6 15. exd6 Bxc4 16. dxc7 Rxe1+ 17. Rxe1 Rc8 18. Re4 Be6 19. Rd4 g5 20. Rd8+ Rxd8 21. cxd8=Q+ Kg7 22. Qxg5+ Kf8 23. Be5 Ke8 24. Qg8+ Ke7 25. Nb5 a6 26. Nc7 Kd7 27. Qe8# 1-0